00430nam a2200133Ia 4500008004100000100002300041245006800064245002300132260005300155260001800208300000800226650001500234856004700249170221s9999 xx 000 0 und d aNaser Ibrahim Saif aTypes of Organizational Culture in Private Jordanian Hospitals  cNaser Ibrahim Saif bInternational Review of Management and Marketing cDecember 2016 a5:4 xMarketing. uhttp://www.econjournals.com/index.php/irmm